| 000 | 00441nam a2200145Ia 4500 | ||
|---|---|---|---|
| 008 | 160216s9999 xx 000 0 und d | ||
| 100 | _aDijk van, K. | ||
| 245 | _aCleanliness and culture: Indonesian histories / | ||
| 245 | _cK. Dijk van, & J.G. Taylor. | ||
| 260 | _bBrill | ||
| 260 | _c2011 | ||
| 650 | _xCleanliness - Indonesia. | ||
| 650 | _xCulture - Indonesia. | ||
| 856 | _uhttp://www.oapen.org/download?type=document&docid=403202 | ||
| 999 |
_c290640 _d290640 |
||